| 000 | 00000nas 2200000za 4500 |
| 001 | 9.840636 |
| 003 | CaOODSP |
| 005 | 20250403105947 |
| 007 | cr ||||||||||| |
| 008 | 170728d19741988oncar p o f0###b0fre|d |
| 040 | |aCaOODSP|bfre |
| 041 | |aeng|afre |
| 043 | |an-cn--- |
| 086 | 1 |aCS10-0011-PDF |
| 245 | 00|aFederal-Provincial Consultative Council on Statistical Policy |h[ressource électronique]. |
| 246 | 10|aSummary report |
| 246 | 10|aMinutes |
| 246 | 15|aConseil consultatif fédéral-provincial de la politique statistique|f1974-1988 |
| 260 | |a[Ottawa : |bStatistics Canada, |c1974]-1988 |
| 310 | |aAnnuel |
| 362 | 0 |a1974-1988. |
| 500 | |aÉdition numérisée de l’imprimé [par Statistique Canada]. |
| 500 | |aTitre de la p. de t. addit. : Conseil consultatif fédéral-provincial de la politique statistique. |
| 500 | |aTitre de la couv. |
| 500 | |aLégères variantes dans le titre |
| 546 | |aTexte en français et en anglais avec p. de titre addit. |
| 692 | 07|2gccst|aCongrès |
| 692 | 07|2gccst|aStatistique |
| 710 | 2 |aStatistique Canada. |
| 785 | 00|tConseil consultatif fédéral-provincial de la politique statistique |w(CaOODSP)9.840640 |
| 791 | |tFederal-Provincial Consultative Council on Statistical Policy |eeng|w(CaOODSP)9.840632 |
| 986 | |a10F0011 |